| 000 | 00602cab a2200205 4500 | ||
|---|---|---|---|
| 001 | ABS43716 | ||
| 008 | 090401t1990 xxu||||| |||| 00| 0 eng d | ||
| 035 | _a(Sirsi) u43162 | ||
| 041 | _aeng | ||
| 100 | _aShadbolt, R.A. | ||
| 245 | _aContracting for construction projects with the USSR | ||
| 260 | _c1990 | ||
| 350 | _a0 | ||
| 490 |
_aInternational Construction Law Review _v7(4) October 1990, 279-284(7) |
||
| 520 | _aExamines the way that the construction industry is organised in the USSR . | ||
| 650 | _aEASTERN EUROPE | ||
| 690 | _aOVERSEAS-EUROPE | ||
| 942 | _n0 | ||
| 948 | _c04/03/1997 | ||
| 999 |
_c27595 _d27595 |
||